|
|
|
|
| LEADER |
00586cam a2200193 7i4500 |
| 001 |
0000008124 |
| 005 |
20000901090000.0 |
| 020 |
0 |
0 |
|a 1555714331
|
| 090 |
0 |
0 |
|a B 658.83
|b KAU
|
| 100 |
1 |
0 |
|a Kautz
|
| 245 |
1 |
0 |
|a Developing international markets :
|b shaping your global presence.
|
| 260 |
0 |
0 |
|a Grants Pass, Oregon:
|b The Oasis Press,
|c 1998.
|
| 300 |
# |
# |
|a 308 p.
|
| 440 |
0 |
0 |
|a PSI successful business library
|
| 650 |
0 |
0 |
|a Strategic planning
|
| 650 |
0 |
0 |
|a Market survey
|
| 650 |
0 |
0 |
|a Marketing research
|
| 650 |
0 |
0 |
|a Motivation research
|
| 999 |
|
|
|a B000011651
|b Book
|c Book
|e Business Information Centre
|